Imperfection and impartiality : (Record no. 402)
[ view plain ]
| 000 -LEADER | |
|---|---|
| fixed length control field | 00606cam a2200193 a 4500 |
| 001 - CONTROL NUMBER | |
| control field | 233561 |
| 005 - DATE AND TIME OF LATEST TRANSACTION | |
| control field | 20240216004229.0 |
| 008 - FIXED-LENGTH DATA ELEMENTS--GENERAL INFORMATION | |
| fixed length control field | 990505s1999 enk b 001 0 eng d |
| 020 ## - INTERNATIONAL STANDARD BOOK NUMBER | |
| ISBN | 1857288505 (HB) |
| 020 ## - INTERNATIONAL STANDARD BOOK NUMBER | |
| ISBN | 1857288513 (pbk.) |
| 040 ## - CATALOGING SOURCE (பட்டியலாக்க மூலம்) | |
| Original cataloging agency | Uk |
| Transcribing agency | Uk |
| Modifying agency | DGU |
| -- | DLC |
| 082 00 - DDC Classification | |
| Class No. | 320. |
| DDC Edition Number | 21 |
| Item Number - Author Mark | IMP. |
| 100 1# - MAIN ENTRY--PERSONAL NAME | |
| Personal name | Wissenburg, Marcel. |
| 245 10 - TITLE STATEMENT | |
| Title | Imperfection and impartiality : |
| Remainder of title | a liberal theory of social justice / |
| Statement of responsibility, etc. | Marcel Wissenburg. |
| 260 ## - PUBLICATION, DISTRIBUTION, ETC. | |
| Place of publication, distribution, etc. | London : |
| Name of publisher, distributor, etc. | UCL Press ; |
| Place of publication, distribution, etc. | New York : |
| Name of publisher, distributor, etc. | Distributed in North America by Garland Pub., |
| Date of publication, distribution, etc. | 1999. |
| 300 ## - PHYSICAL DESCRIPTION | |
| Extent (e.g. Volumes, Pages etc.) | x, 240 p. ; |
| 650 #0 - SUBJECT ADDED ENTRY--TOPICAL TERM | |
| Topical term or geographic name entry element | Social justice. |
| 942 ## - Koha item type (Biblio) | |
| Koha item type | Books in Stacks (Lending) |
| Lost status | Damaged status | Collection code | Home library | Current library | Date acquired | Full call number | Accession Number | Item type |
|---|---|---|---|---|---|---|---|---|
| Lending | WERC Library | WERC Library | 02/16/2024 | 320. IMP. | 2918 | Books in Stacks (Lending) |
